[Event "Vicente Lopez Magistral 6th"]
[Site "Vicente Lopez"]
[Date "2003.08.01"]
[Round "9"]
[White "Scarella, Enrique Alejandro"]
[Black "Rodriguez Vila, Andres"]
[Result "0-1"]
[WhiteElo "2374"]
[BlackElo "2485"]
[PlyCount "64"]
[EventDate "2003.07.24"]
[EventType "tourn"]
[EventRounds "11"]
[EventCountry "ARG"]
[EventCategory "7"]
[SourceTitle "CBM 095 Extra"]
[Source "ChessBase"]
[SourceDate "2003.09.04"]
[SourceVersion "1"]
[SourceVersionDate "2003.09.04"]
[SourceQuality "1"]

1. d4 d6 2. e4 g6 3. c4 Bg7 4. Nc3 Nd7 5. Nf3 e5 6. Be2 Ne7 7. O-O O-O 8. Re1
h6 9. Bf1 f5 10. dxe5 dxe5 11. exf5 gxf5 12. c5 Ng6 13. b4 e4 14. Nd2 Nde5 15.
Qb3+ Kh7 16. Rd1 Qh4 17. g3 Qh5 18. Be2 Nf3+ 19. Nxf3 exf3 20. Bf1 f4 21. Rd5
Qg4 22. Qc2 fxg3 23. hxg3 Bf5 24. Qd2 Be6 25. Bb2 Nf4 26. Re1 Rae8 27. Rxe6
Rxe6 28. Rd7 Rg6 29. Rxc7 Nh3+ 30. Kh2 Nf4 31. Qd7 Qh5+ 32. Bh3 Rf7 0-1

[Event "Vicente Lopez Magistral 6th"]
[Site "Vicente Lopez"]
[Date "2003.08.03"]
[Round "10"]
[White "Rodriguez Vila, Andres"]
[Black "Slipak, Sergio"]
[Result "1/2-1/2"]
[WhiteElo "2485"]
[BlackElo "2497"]
[PlyCount "20"]
[EventDate "2003.07.24"]
[EventType "tourn"]
[EventRounds "11"]
[EventCountry "ARG"]
[EventCategory "7"]
[SourceTitle "CBM 095 Extra"]
[Source "ChessBase"]
[SourceDate "2003.09.04"]
[SourceVersion "1"]
[SourceVersionDate "2003.09.04"]
[SourceQuality "1"]

1. e4 c6 2. d4 d5 3. Nc3 dxe4 4. Nxe4 Bf5 5. Ng3 Bg6 6. Nf3 e6 7. Bd3 Bxd3 8.
Qxd3 Nf6 9. O-O Be7 10. c4 O-O 1/2-1/2

[Event "Vicente Lopez Magistral 6th"]
[Site "Vicente Lopez"]
[Date "2003.08.04"]
[Round "11"]
[White "Lafuente, Pablo"]
[Black "Rodriguez Vila, Andres"]
[Result "0-1"]
[WhiteElo "2431"]
[BlackElo "2485"]
[PlyCount "52"]
[EventDate "2003.07.24"]
[EventType "tourn"]
[EventRounds "11"]
[EventCountry "ARG"]
[EventCategory "7"]
[SourceTitle "CBM 095 Extra"]
[Source "ChessBase"]
[SourceDate "2003.09.04"]
[SourceVersion "1"]
[SourceVersionDate "2003.09.04"]
[SourceQuality "1"]

1. d4 g6 2. c4 Bg7 3. Nc3 d6 4. e4 Nd7 5. Nf3 e5 6. Be2 Ne7 7. O-O O-O 8. Bg5
h6 9. Be3 f5 10. dxe5 dxe5 11. Nd5 c6 12. Nxe7+ Qxe7 13. Ne1 fxe4 14. Nc2 Nc5
15. Qd2 Ne6 16. Bxh6 Nf4 17. Bxg7 Qg5 18. Ne3 Kxg7 19. g3 Rh8 20. Rad1 Be6 21.
Ng2 Nh3+ 22. Kh1 Nxf2+ 23. Kg1 e3 24. Nxe3 Ne4 25. Qc1 Nxg3 26. Nf5+ Qxf5 0-1

[Event "American Continental 2nd"]
[Site "Buenos Aires"]
[Date "2003.08.18"]
[Round "2"]
[White "Rodriguez Vila, Andres"]
[Black "Leon Hoyos, Manuel"]
[Result "1-0"]
[WhiteElo "2485"]
[BlackElo "2281"]
[Annotator "Postny,E"]
[PlyCount "53"]
[EventDate "2003.08.17"]
[EventType "swiss"]
[EventRounds "11"]
[EventCountry "ARG"]
[SourceTitle "CBM 097"]
[Source "ChessBase"]
[SourceDate "2003.11.11"]
[SourceVersion "1"]
[SourceVersionDate "2003.11.11"]
[SourceQuality "1"]

1. e4 c5 2. Nf3 g6 3. d4 Bg7 4. Nc3 cxd4 5. Nxd4 Nc6 6. Nb3 Nf6 7. g4 $5 {
Very rare and unexpected move in this Dragon setup, recently employed by
Uruguayian players with success.} (7. Be2 {is the standart continuation.}) 7...
d6 8. g5 Nd7 (8... Nh5 9. Be2 Bh3 10. Rg1 Bxc3+ 11. bxc3 Qc8 12. f4 Qe6 $2 (
12... Ng7 $13) 13. Qd3 Rc8 14. f5 $18 {[%csl Rh3] 1-0 Roselli Mailhe,
B-Scarella,E/Vicente Lopez 2003 (31)}) 9. f4 $146 (9. Be3 Nde5 10. Be2 Be6 11.
Nd5 Qc8 12. f4 Ng4 13. Bc1 h6 14. Rg1 Nxh2 15. gxh6 Bxh6 16. Be3 Bxd5 17. exd5
Ne5 18. Rg3 Bxf4 19. Bxf4 Qf5 20. Qd4 Rh4 21. Bxe5 Rxd4 22. Bxd4 $16 {1-0
Roselli Mailhe,B-Arias Duran,J/Uruguay 2001/EXT 2002 (38)}) (9. h4 Nc5 (9... a5
10. a4 Nde5 11. Be2 Be6 12. Nd5 Rc8 13. h5 gxh5 14. Rxh5 Nb4 15. c3 Nxd5 16.
exd5 Bf5 17. Nd4 Bg6 18. Rh4 $16 {1-0 Roselli Mailhe,B-Leon Hoyos,M/Buenos
Aires 2003/CBM 97 (28)}) 10. Nxc5 dxc5 11. Qxd8+ Nxd8 12. Nd5 Ne6 13. c3 Bd7
14. Bh3 Rc8 15. Be3 Nf8 16. O-O-O Bxh3 17. Rxh3 Nd7 18. Bf4 Be5 19. Bxe5 Nxe5
20. f4 $14 {1-0 Roselli Mailhe,B-Liascovich,L/Montevideo 2001/EXT 2002 (49)})
9... h6 $1 ({In the same tournament, few round later there was another game of
GM And.Rodriguez:} 9... a5 10. a4 O-O 11. Be3 b6 12. Qd2 Nc5 13. h4 e5 14.
O-O-O Nxb3+ 15. cxb3 exf4 16. Bxf4 Nd4 17. Qe3 Nxb3+ 18. Kb1 $16 {1-0
Rodriguez,A-Crosa,M/Buenos Aires 2003/CBM 97 (29)}) 10. gxh6 Bxh6 11. Be3 Nde5
12. Be2 Bh3 13. Rg1 e6 $5 {Very defiant move, prelude to a very sharp battle.}
({Possible was} 13... Nd7 {with double-edged position.}) 14. Nb5 {The most
natural reaction on black's previous move.} (14. Qd2 Qh4+ 15. Rg3 Ng4 16. Bxg4
Bxg4 17. Nb5 O-O (17... O-O-O $6 18. Na5 $40) 18. Nxd6 Rad8 19. e5 f6 {with
immense complications.}) 14... Qh4+ 15. Rg3 $6 (15. Bf2 Qxf4 16. Rg3 (16. Nc7+
Ke7 17. Nxa8 Qxe4 $40) 16... O-O-O $3 (16... Bg5 $2 17. Be3 Qxe3 18. Rxe3 Bxe3
19. Qxd6 Bb6 20. O-O-O $18) 17. Rxh3 d5 $44 18. Be3 Qxe3 19. Rxe3 Bxe3 {
with strong initiative for the sacrificed queen.}) 15... Bxf4 16. Bxf4 Qxf4 17.
Qxd6 (17. Nc7+ Ke7 18. Nxa8 Bf1 $3 {Incredible resource found by "Fritz".} 19.
Bxf1 (19. Qd2 $142 Qxd2+ 20. Nxd2 Bxe2 21. Kxe2 Rxa8 $11) 19... Rxh2 20. Rg2
Qh4+ 21. Ke2 Qxe4+ 22. Kd2 Qf4+ 23. Ke1 Nf3+ 24. Qxf3 Qxf3 25. Rxh2 Qg3+ 26.
Rf2 d5 $15) 17... Rc8 {The position is extremely sharp, there is no head or
tail to be found in the entire position, but black's attack is probably more
dangerous.} 18. Qc5 Bg4 $1 {[%csl Gh8] It is important to open the "h" file
for the rook.} 19. Nd6+ Kd7 20. Rxg4 (20. Bxg4 Rxh2 $19) (20. Nxf7 Rxh2 $1 21.
Nxe5+ (21. Rd1+ Ke8 $1 22. Nd6+ Kf8 23. Nxc8+ Kg8 24. Rxg4 Nxg4 25. Qg1 Nf2 $1
(25... Rh1 $2 26. Qxh1 Qg3+ 27. Kd2 Qe3+ $11) 26. Qxg6+ Kf8 27. Qg1 Nxe4 $19)
21... Nxe5 (21... Qxe5 $4 22. Rxg4 $16) 22. Rd1+ Ke8 23. Qxc8+ Kf7 24. Rd7+ (
24. Qc7+ Kf6 25. Qd8+ Kg7 26. Rd7+ Nxd7 27. Qxd7+ Kh6 $19) 24... Nxd7 25. Qxd7+
Kf8 26. Qd8+ Kg7 27. Re3 Bxe2 $19 (27... Qxe3 $4 28. Qc7+ {[%cal Rc7g7,Rc7h2]})
) 20... Nxg4 21. Rd1 Rxh2 $1 (21... Kc7 22. Na5 (22. Bxg4 Qxg4 {changes
nothing.}) 22... Qe3 23. Nb5+ Kb8 24. Qd6+ Ka8 25. Nc7+ Rxc7 26. Qxc7 Qf2+ 27.
Kd2 Nxa5 28. Kc1 (28. Qxa5 $2 Ne3 $19 {[%cal Re3c4,Re3d1]}) 28... Nc6 29. Bxg4
Qe3+ 30. Kb1 Qxe4 $19) 22. Nxc8+ Kxc8 $4 {[%mdl 8192] It's a pity for young
player to spoil a good game by one move only!} (22... Kc7 $2 23. Qd6+ Qxd6 24.
Nxd6 $18) (22... Ke8 $3 23. Nd6+ Kf8 {Black's king escapes and white is not
able to parry black's threats in a satisfactory way:} 24. Nc4+ (24. Nxb7+ Kg7
25. Qg1 Nf2 $19 {[%cal Rh2h1]}) 24... Kg8 25. Qg1 Nf2 $19 {[%csl Re1,Rg1][%cal
Rh2h1]}) 23. Qf8+ Kc7 {[%tqu "En","Both kings are not safe, but white can
strike first. How?","","","d1d7","Spectacular move, which wins on the spot.",
10]} 24. Rd7+ $3 {[%mdl 64] Spectacular move, which wins on the spot.} Kxd7 25.
Nc5+ Kc7 26. Nxe6+ fxe6 27. Qxf4+ 1-0

[Event "Asuncion zt 2.5"]
[Site "Asuncion"]
[Date "2003.09.14"]
[Round "1"]
[White "Sosa Harrison, Jorge"]
[Black "Rodriguez Vila, Andres"]
[Result "0-1"]
[WhiteElo "2294"]
[BlackElo "2485"]
[PlyCount "72"]
[EventDate "2003.09.14"]
[EventType "swiss"]
[EventRounds "9"]
[EventCountry "PAR"]
[SourceTitle "CBM 096 Extra"]
[Source "ChessBase"]
[SourceDate "2003.10.22"]
[SourceVersion "2"]
[SourceVersionDate "2003.10.20"]
[SourceQuality "1"]

1. Nf3 d6 2. d4 f5 3. g3 g6 4. Bg2 Nf6 5. c4 Bg7 6. Nc3 O-O 7. O-O Nc6 8. d5
Na5 9. Qd3 c5 10. b3 a6 11. Bb2 Rb8 12. Rab1 Bd7 13. e4 Nxe4 14. Nxe4 fxe4 15.
Qxe4 Bf5 16. Qe2 Bxb1 17. Bxg7 Kxg7 18. Rxb1 Rf6 19. Ng5 Kg8 20. Bh3 b5 21. Ne6
Qb6 22. Qd2 Kh8 23. Qh6 Rg8 24. Ng5 Rg7 25. Ne6 Rgf7 26. Ng5 bxc4 27. Nxf7+
Rxf7 28. Be6 Rf6 29. Re1 Qb4 30. Re2 Qc3 31. Bg8 Kxg8 32. Rxe7 Qa1+ 33. Kg2
Rxf2+ 34. Kh3 Qf1+ 35. Kg4 Qd1+ 36. Kh3 Qh5+ 0-1

[Event "Asuncion zt 2.5"]
[Site "Asuncion"]
[Date "2003.09.16"]
[Round "3"]
[White "Felgaer, Ruben Alejandro"]
[Black "Rodriguez Vila, Andres"]
[Result "1/2-1/2"]
[WhiteElo "2551"]
[BlackElo "2485"]
[PlyCount "121"]
[EventDate "2003.09.14"]
[EventType "swiss"]
[EventRounds "9"]
[EventCountry "PAR"]
[SourceTitle "CBM 096 Extra"]
[Source "ChessBase"]
[SourceDate "2003.10.22"]
[SourceVersion "2"]
[SourceVersionDate "2003.10.20"]
[SourceQuality "1"]

1. e4 c5 2. Nf3 d6 3. d4 cxd4 4. Nxd4 Nf6 5. Nc3 g6 6. Be3 Bg7 7. f3 Nc6 8. Qd2
O-O 9. Bc4 Bd7 10. O-O-O Rc8 11. Bb3 Ne5 12. Kb1 Nc4 13. Bxc4 Rxc4 14. g4 Qa5
15. g5 Nh5 16. Nd5 Qd8 17. Ne2 e6 18. Ndf4 Nxf4 19. Nxf4 Rc6 20. h4 Qe7 21. Bd4
f6 22. h5 fxg5 23. hxg6 h6 24. Bxg7 Qxg7 25. Nh5 Qxg6 26. f4 e5 27. f5 Qh7 28.
Rh2 Ra6 29. Rg1 Rf7 30. Rgh1 Kf8 31. Ng3 Rf6 32. Qxg5 d5 33. Qd2 d4 34. Qb4+
Qe7 35. Qxe7+ Kxe7 36. Nh5 Rf8 37. Rg1 Be8 38. Rg7+ Bf7 39. b3 Rg8 40. Rh7 Kf8
41. f6 Bxh5 42. Rxh5 Rxf6 43. Rxe5 Rg7 44. Re8+ Kxe8 45. Rxg7 Rf7 46. Rg6 Rh7
47. Kc1 h5 48. Kd2 Kf7 49. Rg1 Kf6 50. Kd3 Ke5 51. Rf1 h4 52. Rf5+ Ke6 53. Kxd4
h3 54. Rf1 h2 55. Rh1 Rh3 56. c3 Kd6 57. b4 b6 58. a4 Rh8 59. a5 bxa5 60. bxa5
a6 61. e5+ 1/2-1/2

[Event "Asuncion zt 2.5"]
[Site "Asuncion"]
[Date "2003.09.17"]
[Round "4"]
[White "Rodriguez Vila, Andres"]
[Black "Labollita, Martin"]
[Result "0-1"]
[WhiteElo "2485"]
[BlackElo "2454"]
[PlyCount "96"]
[EventDate "2003.09.14"]
[EventType "swiss"]
[EventRounds "9"]
[EventCountry "PAR"]
[SourceTitle "CBM 096 Extra"]
[Source "ChessBase"]
[SourceDate "2003.10.22"]
[SourceVersion "2"]
[SourceVersionDate "2003.10.20"]
[SourceQuality "1"]

1. e4 c6 2. d4 d5 3. Nd2 dxe4 4. Nxe4 Bf5 5. Ng3 Bg6 6. h4 h6 7. Nf3 Nd7 8. h5
Bh7 9. Bd3 Bxd3 10. Qxd3 Ngf6 11. Bf4 e6 12. O-O-O Be7 13. Kb1 Qa5 14. c4 O-O
15. Qb3 Qa6 16. Rhe1 Rfe8 17. Ne5 Rad8 18. Qc2 Nf8 19. Be3 Bd6 20. f4 b5 21. c5
Bb8 22. f5 Qc8 23. Rf1 Rd5 24. fxe6 Qxe6 25. Bf4 Ng4 26. Nxg4 Qxg4 27. Bxb8
Rxb8 28. Qf2 Rb7 29. Ka1 Ne6 30. Nf5 Qxh5 31. Rd3 Rbd7 32. Nd6 Qg6 33. Rg3 Rg5
34. Rxg5 Nxg5 35. Re1 Ne6 36. a3 Qd3 37. Nf5 Nxd4 38. Nxd4 Qxd4 39. Qf5 g6 40.
Qh3 Kg7 41. Rf1 Rd5 42. g4 Qd3 43. Qg2 a5 44. Qf2 Rd7 45. Qf6+ Kh7 46. Re1 b4
47. a4 b3 48. Rc1 Qc4 0-1

[Event "Asuncion zt 2.5"]
[Site "Asuncion"]
[Date "2003.09.21"]
[Round "7"]
[White "Rodriguez Vila, Andres"]
[Black "Vasquez Schroder, Rodrigo Rafael"]
[Result "1-0"]
[WhiteElo "2485"]
[BlackElo "2514"]
[PlyCount "129"]
[EventDate "2003.09.14"]
[EventType "swiss"]
[EventRounds "9"]
[EventCountry "PAR"]
[SourceTitle "CBM 096 Extra"]
[Source "ChessBase"]
[SourceDate "2003.10.22"]
[SourceVersion "2"]
[SourceVersionDate "2003.10.20"]
[SourceQuality "1"]

1. e4 c5 2. Nf3 Nc6 3. d4 cxd4 4. Nxd4 Nf6 5. Nc3 d6 6. g3 g6 7. Bg2 Nxd4 8.
Qxd4 Bg7 9. a4 O-O 10. Qb4 Qc7 11. a5 Be6 12. e5 dxe5 13. Qxb7 Qxb7 14. Bxb7
Rab8 15. a6 Bc8 16. Bg2 Rb6 17. Be3 Rxa6 18. O-O Rxa1 19. Rxa1 a6 20. Bc5 e4
21. Bxe7 Re8 22. Bb4 Bf8 23. Bxf8 Kxf8 24. Bf1 Bb7 25. Ra4 Re6 26. Rb4 Re7 27.
Rb6 Ng4 28. h3 Ne5 29. Bxa6 Nf3+ 30. Kf1 Bxa6+ 31. Rxa6 Nd4 32. Ra4 Nxc2 33.
Rxe4 Rb7 34. Na4 Rd7 35. Ke2 Nd4+ 36. Kd3 Nf3+ 37. Kc3 Ng5 38. Re2 Nxh3 39. b4
Re7 40. Rb2 Ng5 41. b5 Ke8 42. b6 Ne4+ 43. Kd4 Nd6 44. Kd5 Nb7 45. Nc5 Nd8 46.
b7 Nxb7 47. Nxb7 h5 48. Nd6+ Kf8 49. Rb7 Rxb7 50. Nxb7 Ke7 51. Ke5 f6+ 52. Kf4
Ke6 53. Nc5+ Kd5 54. Nb3 Ke6 55. Nd4+ Kd5 56. Nf3 Ke6 57. Ke4 Kd6 58. Nh4 g5
59. Nf5+ Kc5 60. Kf3 Kd5 61. Ng7 h4 62. gxh4 gxh4 63. Nf5 h3 64. Kg3 Ke4 65.
Nh4 1-0

[Event "Asuncion zt 2.5"]
[Site "Asuncion"]
[Date "2003.09.22"]
[Round "8"]
[White "Pierrot, Juan Facundo"]
[Black "Rodriguez Vila, Andres"]
[Result "1-0"]
[WhiteElo "2417"]
[BlackElo "2485"]
[PlyCount "93"]
[EventDate "2003.09.14"]
[EventType "swiss"]
[EventRounds "9"]
[EventCountry "PAR"]
[SourceTitle "CBM 096 Extra"]
[Source "ChessBase"]
[SourceDate "2003.10.22"]
[SourceVersion "2"]
[SourceVersionDate "2003.10.20"]
[SourceQuality "1"]

1. e4 g6 2. d4 Bg7 3. Nf3 d6 4. Bc4 e6 5. Bb3 Nd7 6. O-O Ne7 7. c4 O-O 8. Nc3
a6 9. Be3 h6 10. Rc1 Kh7 11. c5 dxc5 12. dxc5 Nc6 13. Qe2 Qe7 14. Rfd1 f5 15.
exf5 gxf5 16. Nd4 Bxd4 17. Bxd4 Nxd4 18. Rxd4 Qg7 19. Rc4 Ne5 20. Rf4 Ng6 21.
Rf3 e5 22. Nd5 Be6 23. Ne3 Bxb3 24. axb3 f4 25. Nc4 Nh4 26. Qe4+ Ng6 27. Rd3
Rae8 28. Rcd1 Re7 29. Rd8 Rf6 30. R1d5 Rfe6 31. h4 h5 32. Qf5 Qf6 33. Qxh5+ Kg7
34. g3 fxg3 35. fxg3 Rf7 36. Qe2 Qf5 37. R8d7 Nxh4 38. Rxf7+ Kxf7 39. Ne3 Qe4
40. Qh5+ Rg6 41. Qh7+ Kf6 42. Qh8+ Rg7 43. Qh6+ Ng6 44. Rd1 Rg8 45. Nd5+ Ke6
46. Qg5 Qxd5 47. Qg4+ 1-0

[Event "Asuncion zt 2.5"]
[Site "Asuncion"]
[Date "2003.09.23"]
[Round "9"]
[White "Rodriguez Vila, Andres"]
[Black "Valiente, Cristobal"]
[Result "1/2-1/2"]
[WhiteElo "2485"]
[BlackElo "2322"]
[PlyCount "98"]
[EventDate "2003.09.14"]
[EventType "swiss"]
[EventRounds "9"]
[EventCountry "PAR"]
[SourceTitle "CBM 096 Extra"]
[Source "ChessBase"]
[SourceDate "2003.10.22"]
[SourceVersion "2"]
[SourceVersionDate "2003.10.20"]
[SourceQuality "1"]

1. e4 e5 2. Nf3 Nf6 3. d4 Nxe4 4. Bd3 d5 5. Nxe5 Nd7 6. Nxd7 Bxd7 7. O-O Be7 8.
c4 c6 9. Nc3 Nxc3 10. bxc3 dxc4 11. Bxc4 O-O 12. Qf3 Bd6 13. Bf4 Qf6 14. Bxd6
Qxd6 15. Rab1 b5 16. Bb3 Rae8 17. Rfe1 Be6 18. g3 a6 19. Re5 Bxb3 20. axb3 Rxe5
21. dxe5 Qe6 22. Qe3 Re8 23. b4 Qxe5 24. Qxe5 Rxe5 25. Ra1 g6 26. Rxa6 c5 27.
Rb6 cxb4 28. cxb4 h5 29. Kg2 Kf8 30. f4 Re2+ 31. Kh3 Kg7 32. Rxb5 Rb2 33. Rb7
Kf6 34. b5 Kg7 35. Rb6 Kh7 36. Rb8 Kg7 37. b6 Kf6 38. Rb7 Kg7 39. g4 hxg4+ 40.
Kxg4 Rxh2 41. Rc7 Rb2 42. b7 Kf6 43. Kf3 Ke6 44. Ke4 Rb4+ 45. Kd3 f6 46. Kc3
Rb1 47. Kc4 Kd6 48. Rg7 g5 49. fxg5 fxg5 1/2-1/2

[Event "Villa Martelli Pro Am op 10th"]
[Site "Villa Martelli"]
[Date "2003.10.25"]
[Round "2"]
[White "Rodriguez Vila, Andres"]
[Black "Villanueva, Matias"]
[Result "1-0"]
[WhiteElo "2485"]
[BlackElo "2167"]
[PlyCount "73"]
[EventDate "2003.10.23"]
[EventType "swiss"]
[EventRounds "9"]
[EventCountry "ARG"]
[SourceTitle "CBM 097 Extra"]
[Source "ChessBase"]
[SourceDate "2004.01.13"]
[SourceVersion "1"]
[SourceVersionDate "2004.01.13"]
[SourceQuality "1"]

1. e4 e6 2. d4 d5 3. Nd2 Nf6 4. e5 Nfd7 5. c3 c5 6. Bd3 Nc6 7. Ne2 cxd4 8. cxd4
f6 9. exf6 Nxf6 10. Nf3 Bd6 11. O-O Qc7 12. g3 O-O 13. Bf4 e5 14. dxe5 Nxe5 15.
Nxe5 Bxe5 16. Rc1 Qd6 17. Qb3 b6 18. Rfe1 Bg4 19. Bxe5 Qxe5 20. Nf4 Qd6 21. Be2
Bxe2 22. Rxe2 Rae8 23. Rec2 Rf7 24. Rc6 Qe5 25. Rd1 Qf5 26. Qc2 Qg4 27. Qd3 Rd7
28. Rc2 h6 29. Rcd2 Re5 30. h3 Qg5 31. Qb3 Kh7 32. Qc2+ Kg8 33. Qc8+ Re8 34.
Qc6 Re5 35. Rd4 Kh7 36. Ne6 Qh5 37. Nf8+ 1-0

[Event "Villa Martelli Pro Am op 10th"]
[Site "Villa Martelli"]
[Date "2003.??.??"]
[Round "3"]
[White "Granara Barreto, Sebastian A"]
[Black "Rodriguez Vila, Andres"]
[Result "0-1"]
[WhiteElo "2248"]
[BlackElo "2485"]
[PlyCount "59"]
[EventDate "2003.10.23"]
[EventType "swiss"]
[EventRounds "9"]
[EventCountry "ARG"]
[SourceTitle "CBM 097 Extra"]
[Source "ChessBase"]
[SourceDate "2004.01.13"]
[SourceVersion "1"]
[SourceVersionDate "2004.01.13"]
[SourceQuality "1"]

1. e4 c5 2. Nf3 d6 3. d4 cxd4 4. Nxd4 Nf6 5. Nc3 g6 6. Be3 Bg7 7. f3 Nc6 8. Qd2
O-O 9. Bc4 Bd7 10. Bb3 Rc8 11. O-O-O Ne5 12. h4 h5 13. Bg5 Rc5 14. Kb1 a5 15.
a4 Qe8 16. Ncb5 Bxb5 17. axb5 Rxb5 18. Bh6 Rc5 19. Bxg7 Kxg7 20. Rhe1 a4 21.
Ba2 Qa8 22. f4 Nc6 23. e5 dxe5 24. Nxc6 bxc6 25. fxe5 Nd5 26. Qd4 Qa5 27. c4
Nb6 28. Re3 Qb4 29. Rc1 Rd5 30. e6+ 0-1

[Event "Villa Martelli Pro Am op 10th"]
[Site "Villa Martelli"]
[Date "2003.??.??"]
[Round "5"]
[White "Flores, Diego"]
[Black "Rodriguez Vila, Andres"]
[Result "1/2-1/2"]
[WhiteElo "2437"]
[BlackElo "2485"]
[PlyCount "85"]
[EventDate "2003.10.23"]
[EventType "swiss"]
[EventRounds "9"]
[EventCountry "ARG"]
[SourceTitle "CBM 097 Extra"]
[Source "ChessBase"]
[SourceDate "2004.01.13"]
[SourceVersion "1"]
[SourceVersionDate "2004.01.13"]
[SourceQuality "1"]

1. g3 g6 2. Bg2 Bg7 3. c4 e5 4. Nc3 f5 5. d3 Nf6 6. e3 O-O 7. Nge2 Nc6 8. O-O
d6 9. Rb1 Be6 10. Nd5 Qd7 11. b4 Rae8 12. b5 Nd8 13. a4 Nh5 14. f4 c6 15. Ndc3
e4 16. Ba3 exd3 17. Qxd3 Qf7 18. Bxd6 Bxc4 19. Qd2 Qd7 20. bxc6 bxc6 21. Rfd1
Rf7 22. Rb8 Nb7 23. Bc7 Rxb8 24. Qxd7 Rxd7 25. Rxd7 Re8 26. Bxc6 Nc5 27. Rd5
Rxe3 28. Rxc5 Bxe2 29. Bd5+ Kh8 30. Nxe2 Rxe2 31. Rb5 Bd4+ 32. Kh1 Nf6 33. Bf3
Re1+ 34. Kg2 Ng4 35. Bxg4 fxg4 36. Be5+ Bxe5 37. Rxe5 Ra1 38. Re8+ Kg7 39. Re7+
Kf6 40. Rxa7 Ra2+ 41. Kg1 Ra1+ 42. Kf2 Ra2+ 43. Kg1 1/2-1/2

[Event "Villa Martelli Pro Am op 10th"]
[Site "Villa Martelli"]
[Date "2003.??.??"]
[Round "6"]
[White "Rodriguez Vila, Andres"]
[Black "Quarracino, Carlos"]
[Result "1-0"]
[WhiteElo "2485"]
[BlackElo "2254"]
[PlyCount "81"]
[EventDate "2003.10.23"]
[EventType "swiss"]
[EventRounds "9"]
[EventCountry "ARG"]
[SourceTitle "CBM 097 Extra"]
[Source "ChessBase"]
[SourceDate "2004.01.13"]
[SourceVersion "1"]
[SourceVersionDate "2004.01.13"]
[SourceQuality "1"]

1. e4 c5 2. Nf3 d6 3. d4 cxd4 4. Nxd4 Nf6 5. Nc3 Nc6 6. g3 g6 7. Bg2 Nxd4 8.
Qxd4 Bg7 9. a4 O-O 10. Qb4 Nd7 11. a5 Ne5 12. O-O Nc6 13. Qb5 Bd7 14. Be3 Nd4
15. Qd3 Nc6 16. Qd5 Be6 17. Qb5 Nd4 18. Qd3 Nc6 19. Nd5 Nxa5 20. Nxe7+ Qxe7 21.
Rxa5 Rfc8 22. b3 Qc7 23. Ra2 a5 24. f4 Qc3 25. Qxc3 Rxc3 26. Bd2 Rc7 27. Rd1
Bg4 28. Rc1 Bd4+ 29. Kf1 Ra6 30. f5 gxf5 31. h3 Bh5 32. exf5 f6 33. c4 Bf7 34.
Ke2 Be5 35. Rxa5 Bxg3 36. Rxa6 bxa6 37. Ra1 Ra7 38. Be3 Bh5+ 39. Kd3 Re7 40.
Bd5+ Kg7 41. Rg1 1-0

[Event "Villa Martelli Pro Am op 10th"]
[Site "Villa Martelli"]
[Date "2003.??.??"]
[Round "7"]
[White "Slipak, Sergio"]
[Black "Rodriguez Vila, Andres"]
[Result "0-1"]
[WhiteElo "2497"]
[BlackElo "2485"]
[PlyCount "56"]
[EventDate "2003.10.23"]
[EventType "swiss"]
[EventRounds "9"]
[EventCountry "ARG"]
[SourceTitle "CBM 097 Extra"]
[Source "ChessBase"]
[SourceDate "2004.01.13"]
[SourceVersion "1"]
[SourceVersionDate "2004.01.13"]
[SourceQuality "1"]

1. d4 e6 2. c4 Nf6 3. Nf3 c5 4. d5 b5 5. dxe6 fxe6 6. cxb5 Be7 7. g3 d5 8. Bg2
Bd6 9. O-O Nbd7 10. Ng5 Qe7 11. e4 h6 12. Nxe6 Qxe6 13. exd5 Qg4 14. Qe1+ Kf8
15. Nc3 Rb8 16. Be3 h5 17. Qd1 Qg6 18. Ne2 h4 19. Nf4 Qh7 20. g4 h3 21. Bf3 Kg8
22. g5 Qf5 23. gxf6 Bxf4 24. Bxf4 Qxf4 25. Rc1 Ne5 26. Rc3 Qg5+ 27. Kh1 Nxf3
28. f7+ Kh7 0-1

[Event "Chesspangenberg op 1st"]
[Site "Buenos Aires"]
[Date "2003.11.05"]
[Round "2"]
[White "Cativelli, Gerardo"]
[Black "Rodriguez Vila, Andres"]
[Result "0-1"]
[WhiteElo "2230"]
[BlackElo "2498"]
[PlyCount "80"]
[EventDate "2003.11.04"]
[EventType "swiss"]
[EventRounds "9"]
[EventCountry "ARG"]
[SourceTitle "EXT 2004"]
[Source "ChessBase"]
[SourceDate "2003.11.25"]
[SourceVersion "1"]
[SourceVersionDate "2003.11.25"]
[SourceQuality "1"]

1. d4 g6 2. Nf3 Bg7 3. c3 f5 4. Bf4 Nf6 5. e3 O-O 6. Nbd2 Nc6 7. Bc4+ e6 8. O-O
d6 9. b4 Qe7 10. a4 Kh8 11. b5 Nd8 12. Qb3 h6 13. h4 Ne4 14. Nxe4 fxe4 15. Nd2
Qxh4 16. Be2 Rxf4 17. exf4 Qxf4 18. Nc4 Nf7 19. Qc2 Ng5 20. Qd2 Qh4 21. Qe1 Qf4
22. Qd2 Qf7 23. f4 exf3 24. Bxf3 Qg8 25. Ne3 e5 26. Bd5 Qe8 27. Nc4 exd4 28.
cxd4 c6 29. Rae1 Qd7 30. Bf3 Kh7 31. bxc6 bxc6 32. Na5 d5 33. Rc1 Ba6 34. Rf2
Rc8 35. Nb3 Bc4 36. Nc5 Qd6 37. Bg4 Rc7 38. Re1 Qg3 39. Be6 Re7 40. Qf4 Nh3+
0-1

[Event "Chesspangenberg op 1st"]
[Site "Buenos Aires"]
[Date "2003.11.06"]
[Round "3"]
[White "Rodriguez Vila, Andres"]
[Black "Bronstein, Luis Marcos"]
[Result "1-0"]
[WhiteElo "2498"]
[BlackElo "2331"]
[PlyCount "77"]
[EventDate "2003.11.04"]
[EventType "swiss"]
[EventRounds "9"]
[EventCountry "ARG"]
[SourceTitle "EXT 2004"]
[Source "ChessBase"]
[SourceDate "2003.11.25"]
[SourceVersion "1"]
[SourceVersionDate "2003.11.25"]
[SourceQuality "1"]

1. e4 e5 2. Nf3 Nc6 3. Bc4 Nf6 4. d3 Be7 5. O-O O-O 6. Re1 d6 7. c3 Bg4 8. h3
Bh5 9. Nbd2 d5 10. exd5 Nxd5 11. Ne4 a6 12. Ng3 Bg6 13. Nxe5 Nxe5 14. Rxe5 Nb6
15. Bb3 Nd7 16. Re3 Nc5 17. Bc2 f5 18. Rf3 Bd6 19. d4 Ne4 20. Nxf5 Bxf5 21.
Rxf5 Rxf5 22. Bxe4 Rf8 23. Bxb7 Rb8 24. Bxa6 Rxf2 25. Qh5 Qf6 26. Bd3 g6 27.
Qd5+ Kg7 28. Bg5 Qf8 29. b4 Re8 30. a4 h6 31. Bh4 Qf4 32. Bxf2 Rf8 33. Qe6
Qxf2+ 34. Kh1 Rf6 35. Qd7+ Rf7 36. Qg4 g5 37. Bc4 Rf4 38. Qd7+ Kf8 39. Qd8+ 1-0